[Event "Titled Tuesday intern op 04th Apr Late"]
[Site "Chess.com INT"]
[Date "2023.04.04"]
[Round "5"]
[White "Drori, Saar"]
[Black "Lamard, Guillaume"]
[Result "0-1"]
[WhiteElo "2370"]
[BlackElo "2520"]
[PlyCount "72"]
[EventDate "2023.04.04"]
[EventType "swiss (blitz)"]
[EventRounds "11"]
[EventCountry "USA"]
[SourceTitle "EXT 2024"]
[Source "ChessBase"]
[SourceDate "2023.10.10"]
[SourceVersion "1"]
[SourceVersionDate "2023.10.10"]
[SourceQuality "1"]

1. e4 c5 2. Nf3 d6 3. d4 cxd4 4. Nxd4 Nf6 5. Nc3 a6 6. g3 e5 7. Nde2 Be7 8. Bg2 0-0 9. 0-0 b5 10. a4 b4 11. Nd5 a5 12. Be3 Nbd7 13. h3 Ba6 14. Qd2 Nxd5 15. exd5 Rc8 16. Rfc1 Nc5 17. b3 Qd7 18. Rab1 Rc7 19. c3 Rfc8 20. c4 f5 21. Re1 Rf8 22. f4 Bf6 23. fxe5 Bxe5 24. Bf4 Rcc8 25. Nd4 Bxd4+ 26. Qxd4 Rce8 27. Qd2 Rxe1+ 28. Qxe1 Re8 29. Qf2 Qe7 30. Rd1 Nxb3 31. Qb6 Bxc4 32. Bxd6 Qe2 33. Rb1 Nd2 34. Rc1 b3 35. Qc6 b2 36. Rf1 b1Q 0-1

[Event "Titled Tuesday intern op 04th Apr Late"]
[Site "Chess.com INT"]
[Date "2023.04.04"]
[Round "3"]
[White "Drori, Saar"]
[Black "Senft, Sean"]
[Result "1-0"]
[WhiteElo "2370"]
[BlackElo "2089"]
[PlyCount "59"]
[EventDate "2023.04.04"]
[EventType "swiss (blitz)"]
[EventRounds "11"]
[EventCountry "USA"]
[SourceTitle "EXT 2024"]
[Source "ChessBase"]
[SourceDate "2023.10.10"]
[SourceVersion "1"]
[SourceVersionDate "2023.10.10"]
[SourceQuality "1"]

1. e4 c5 2. Nc3 d6 3. g3 Nc6 4. Bg2 g6 5. d3 Bg7 6. Be3 e5 7. Qd2 Nge7 8. Bh6 Bxh6 9. Qxh6 Nd4 10. 0-0-0 Be6 11. Nh3 b5 12. Qg7 Rg8 13. Qxh7 b4 14. Nd5 Bxd5 15. exd5 Qa5 16. Kb1 Rb8 17. Ng5 Rf8 18. Qg7 Nb5 19. Nh7 Nc3+ 20. Kc1 Nxa2+ 21. Kd2 b3+ 22. c3 Nxc3 23. Qxf8+ Kd7 24. Nf6+ Kc7 25. Qxe7+ Kb6 26. Qxd6+ Kb5 27. Qc6+ Kb4 28. bxc3+ Ka3 29. Ra1+ Kb2 30. Rxa5 1-0

[Event "Titled Tuesday intern op 04th Apr Early"]
[Site "Chess.com INT"]
[Date "2023.04.04"]
[Round "3"]
[White "Kurmangaliyeva, Liya"]
[Black "Drori, Saar"]
[Result "0-1"]
[WhiteElo "2288"]
[BlackElo "2370"]
[PlyCount "78"]
[EventDate "2023.04.04"]
[EventType "swiss (blitz)"]
[EventRounds "11"]
[EventCountry "USA"]
[SourceTitle "EXT 2024"]
[Source "ChessBase"]
[SourceDate "2023.10.10"]
[SourceVersion "1"]
[SourceVersionDate "2023.10.10"]
[SourceQuality "1"]

1. Nf3 c5 2. b3 d6 3. Bb2 e5 4. e3 e4 5. Ng1 Nc6 6. d3 exd3 7. cxd3 Nf6 8. Nf3 d5 9. Be2 Bd6 10. 0-0 0-0 11. d4 cxd4 12. Nxd4 a6 13. Nd2 Bd7 14. N2f3 Re8 15. a3 Qb6 16. b4 Ne5 17. Nxe5 Bxe5 18. Rc1 Ne4 19. Bd3 Qh6 20. g3 Qh3 21. Qe2 Bxd4 22. Bxd4 Bc6 23. f3 Nd6 24. Qg2 Qe6 25. Rfe1 Bb5 26. Bb1 Nc4 27. Qc2 g6 28. Qc3 Rac8 29. e4 Nd6 30. exd5 Qxd5 31. Rxe8+ Bxe8 32. Bc5 b6 33. Be4 Nxe4 34. fxe4 Qe6 35. Qd4 bxc5 36. Rxc5 Rxc5 37. bxc5 Bc6 38. e5 Qd5 39. Qc3 Qg2# 0-1

[Event "Titled Tuesday intern op 28th Mar Early"]
[Site "Chess.com INT"]
[Date "2023.03.28"]
[Round "2"]
[White "Drori, Saar"]
[Black "Asadli, Vugar Afgan Oglu"]
[Result "0-1"]
[WhiteElo "2370"]
[BlackElo "2586"]
[PlyCount "76"]
[EventDate "2023.03.28"]
[EventType "swiss (blitz)"]
[EventRounds "11"]
[EventCountry "USA"]
[SourceTitle "EXT 2024"]
[Source "ChessBase"]
[SourceDate "2023.10.10"]
[SourceVersion "1"]
[SourceVersionDate "2023.10.10"]
[SourceQuality "1"]

1. e4 c5 2. Nc3 Nc6 3. g3 g6 4. Bg2 Bg7 5. d3 Rb8 6. Be3 d6 7. Qd2 b5 8. a3 a5 9. Nge2 b4 10. axb4 axb4 11. Nd1 e5 12. 0-0 Nge7 13. Bh6 0-0 14. Bxg7 Kxg7 15. Ne3 Nd4 16. f4 f6 17. g4 Nec6 18. f5 Nxe2+ 19. Qxe2 g5 20. h4 h6 21. c3 Rf7 22. Nc4 Rfb7 23. Ra6 Qc7 24. Ra2 Bd7 25. Rfa1 Be8 26. Ra6 Bf7 27. Ne3 bxc3 28. bxc3 Rb2 29. Qd1 Qb7 30. Qa4 Rb1+ 31. Rxb1 Qxb1+ 32. Nf1 Ne7 33. hxg5 hxg5 34. Rxd6 Rb2 35. Qd7 Qe1 36. Bh3 Qf2+ 37. Kh1 Qf3+ 38. Kg1 Qxh3 0-1

[Event "Titled Tuesday intern op 28th Mar Late"]
[Site "Chess.com INT"]
[Date "2023.03.28"]
[Round "1"]
[White "Vila Dupla, Aurelio"]
[Black "Drori, Saar"]
[Result "0-1"]
[WhiteElo "2030"]
[BlackElo "2370"]
[PlyCount "92"]
[EventDate "2023.03.28"]
[EventType "swiss (blitz)"]
[EventRounds "11"]
[EventCountry "USA"]
[SourceTitle "EXT 2024"]
[Source "ChessBase"]
[SourceDate "2023.10.10"]
[SourceVersion "1"]
[SourceVersionDate "2023.10.10"]
[SourceQuality "1"]

1. Nf3 c5 2. c4 g6 3. d4 cxd4 4. Nxd4 Bg7 5. e4 Nc6 6. Be3 Nf6 7. Nc3 0-0 8. Be2 d6 9. 0-0 Bd7 10. f3 Rc8 11. Qd2 Qa5 12. Rab1 Ne8 13. Rfd1 Nc7 14. Nxc6 bxc6 15. Nd5 Qxd2 16. Nxe7+ Kh8 17. Rxd2 Rce8 18. Nxc6 Bxc6 19. Rxd6 Re6 20. Rxe6 Nxe6 21. b3 f5 22. exf5 gxf5 23. Rd1 f4 24. Bf2 Be5 25. Rd2 a5 26. Bd1 Re8 27. Bc2 Kg7 28. Kf1 h6 29. Bb6 Kf6 30. Re2 Rb8 31. Bf2 a4 32. Rd2 a3 33. Ke2 Rg8 34. Kf1 Rb8 35. Bg1 Bb2 36. Bb1 Ke5 37. Re2+ Kd6 38. Bf5 Nc5 39. Rd2+ Ke5 40. Bb1 Ne6 41. Re2+ Kf6 42. Rd2 Be5 43. Bf2 h5 44. h3 Rg8 45. Bg1 Ng7 46. Bf2 Nf5 0-1

[Event "Titled Tuesday intern op 21st Mar Late"]
[Site "Chess.com INT"]
[Date "2023.03.21"]
[Round "4"]
[White "Garcia Cuenca, Victor Manuel"]
[Black "Drori, Saar"]
[Result "0-1"]
[WhiteElo "2305"]
[BlackElo "2370"]
[PlyCount "114"]
[EventDate "2023.03.21"]
[EventType "swiss (blitz)"]
[EventRounds "11"]
[EventCountry "USA"]
[SourceTitle "EXT 2024"]
[Source "ChessBase"]
[SourceDate "2023.10.10"]
[SourceVersion "1"]
[SourceVersionDate "2023.10.10"]
[SourceQuality "1"]

1. g3 c5 2. Bg2 g6 3. Nf3 Bg7 4. 0-0 Nc6 5. c4 e6 6. Nc3 Nge7 7. b3 d5 8. cxd5 exd5 9. Bb2 0-0 10. Rc1 b6 11. d3 Bg4 12. h3 Bxf3 13. Bxf3 Nf5 14. Bg2 Re8 15. e4 dxe4 16. dxe4 Nfd4 17. Nd5 Qd6 18. Ba1 Rad8 19. Re1 Ne7 20. Qd3 Nec6 21. f4 Qd7 22. Kh2 Ne7 23. b4 Nxd5 24. exd5 Rxe1 25. Rxe1 Qa4 26. bxc5 bxc5 27. Qd2 Bf6 28. f5 Kg7 29. fxg6 hxg6 30. Qf2 Rd6 31. Rf1 Qc4 32. Bb2 Qd3 33. Bc1 Nf5 34. Bf4 Rd8 35. g4 Bd4 36. Qe1 Ne3 37. Rf3 Nxg2 38. Kxg2 Qc2+ 39. Kg3 Rxd5 40. Qe8 Bf6 41. Bh6+ Kxh6 42. Rxf6 Qc3+ 43. Rf3 Qe5+ 44. Qxe5 Rxe5 45. Rc3 Kg5 46. h4+ Kf6 47. Kf4 Ke6 48. Ra3 c4 49. Ra6+ Kd5 50. Ra5+ Kd4 51. Rxe5 c3 52. Re7 c2 53. Rc7 Kd3 54. h5 gxh5 55. gxh5 Kd2 56. h6 c1Q 57. Rxc1 Kxc1 0-1

[Event "ISR-chT"]
[Site "Israel"]
[Date "2019.02.22"]
[Round "7.6"]
[White "Drori, Saar"]
[Black "Shvayger, Yuliya"]
[Result "1/2-1/2"]
[WhiteElo "2386"]
[BlackElo "2387"]
[PlyCount "66"]
[EventDate "2019.01.04"]
[EventType "team-tourn"]
[EventRounds "11"]
[EventCountry "ISR"]
[SourceTitle "CBM 189 Extra"]
[Source "ChessBase"]
[SourceDate "2019.06.03"]
[SourceVersion "1"]
[SourceVersionDate "2019.06.03"]
[SourceQuality "1"]
[WhiteTeam "Petah Tikva Hapoel"]
[BlackTeam "Beer Sheva Yud Alef"]
[WhiteTeamCountry "ISR"]
[BlackTeamCountry "ISR"]

1. e4 c5 2. Nf3 Nc6 3. d4 cxd4 4. Nxd4 e5 5. Nb5 d6 6. c4 Be7 7. N1c3 a6 8. Na3 f5 9. exf5 Bxf5 10. Be3 Nf6 11. Be2 0-0 12. 0-0 Qd7 13. Rc1 Kh8 14. Nd5 Rae8 15. Nb6 Qd8 16. Nb1 Ne4 17. Nd5 Bg5 18. Nbc3 Nd4 19. Bd3 Nxc3 20. Rxc3 Bxe3 21. fxe3 Bxd3 22. Rxd3 Rxf1+ 23. Qxf1 Rf8 24. Qd1 Ne6 25. Qg4 Qe8 26. h3 Qf7 27. Rd2 Nc5 28. Kh2 Qf1 29. b4 Nd3 30. Rd1 Ne1 31. Rd2 Nd3 32. Rd1 Ne1 33. Rd2 Nd3 1/2-1/2

[Event "ISR-ch"]
[Site "Maalot Tarshiha"]
[Date "2018.12.13"]
[Round "2"]
[White "Drori, Saar"]
[Black "Zanan, Evgeny"]
[Result "0-1"]
[WhiteElo "2419"]
[BlackElo "2521"]
[PlyCount "158"]
[EventDate "2018.12.12"]
[EventType "swiss"]
[EventRounds "9"]
[EventCountry "ISR"]
[SourceTitle "CBM 187 Extra"]
[Source "ChessBase"]
[SourceDate "2018.11.04"]
[SourceVersion "1"]
[SourceVersionDate "2018.11.04"]
[SourceQuality "1"]

1. e4 c5 2. Nf3 d6 3. d4 cxd4 4. Nxd4 Nf6 5. Nc3 a6 6. Bg5 e6 7. f4 h6 8. Bh4 Qb6 9. Rb1 Nbd7 10. Bf2 Qc7 11. g3 b5 12. a3 Bb7 13. Bg2 Be7 14. 0-0 0-0 15. g4 Nc5 16. Re1 e5 17. fxe5 dxe5 18. Nf5 Rfd8 19. Nd5 Nxd5 20. exd5 Bd6 21. Bg3 Re8 22. Qd2 Nd7 23. Kh1 Bf8 24. Rbd1 Qb6 25. c3 Nf6 26. g5 hxg5 27. Qxg5 Nh7 28. Qh4 Bc8 29. Nd4 Bd6 30. Nc6 f6 31. Be4 Ng5 32. Bg6 Bd7 33. Bf2 Bc5 34. Bxc5 Qxc5 35. Bxe8 Rxe8 36. Nb4 Nf3 37. Qg3 Nxe1 38. Qxe1 a5 39. Nc2 Bg4 40. Rd3 Bf5 41. Rd2 Bxc2 42. Rxc2 Qxd5+ 43. Kg1 e4 44. Rd2 Qc5+ 45. Rd4 e3 46. Qe2 Qg5+ 47. Kh1 Re5 48. a4 Qg6 49. axb5 Qb1+ 50. Kg2 Rg5+ 51. Kf3 Rf5+ 52. Kg4 Rg5+ 53. Kf3 Rf5+ 54. Kg4 Re5 55. Kg3 Qg1+ 56. Kh3 Qg6 57. Qc4+ Kh7 58. Rh4+ Rh5 59. Rxh5+ Qxh5+ 60. Kg3 f5 61. Qf4 e2 62. Kf2 e1Q+ 63. Kxe1 Qe8+ 64. Kd2 Qxb5 65. Qh4+ Kg6 66. Qg3+ Kf7 67. Qc7+ Ke6 68. Kc2 g5 69. Qc8+ Ke5 70. Qc7+ Ke4 71. c4 Qa4+ 72. Kc3 Qb4+ 73. Kc2 f4 74. Qh7+ Kf3 75. Qh3+ Kf2 76. b3 a4 77. Qc3 Qxc3+ 78. Kxc3 Ke3 79. c5 f3 0-1

[Event "ISR-ch"]
[Site "Maalot Tarshiha"]
[Date "2018.12.12"]
[Round "1"]
[White "Gleizer, Mark"]
[Black "Drori, Saar"]
[Result "0-1"]
[WhiteElo "2186"]
[BlackElo "2419"]
[PlyCount "42"]
[EventDate "2018.12.12"]
[EventType "swiss"]
[EventRounds "9"]
[EventCountry "ISR"]
[SourceTitle "CBM 187 Extra"]
[Source "ChessBase"]
[SourceDate "2018.11.04"]
[SourceVersion "1"]
[SourceVersionDate "2018.11.04"]
[SourceQuality "1"]

1. d4 Nf6 2. Nf3 g6 3. Nbd2 Bg7 4. e4 d6 5. Bd3 0-0 6. 0-0 c5 7. c3 cxd4 8. cxd4 b6 9. b3 Bb7 10. Re1 Nbd7 11. Bb2 Rc8 12. Rc1 Rxc1 13. Qxc1 Qa8 14. Qb1 Rd8 15. h3 Nh5 16. a3 Ndf6 17. Kh2 Nf4 18. Bc2 Qc8 19. Ng1 Ng4+ 20. Kg3 Nh5+ 21. Kf3 Qf5+ 0-1

[Event "Dov Porath Memorial"]
[Site "Ramat Gan"]
[Date "2018.09.09"]
[Round "9"]
[White "Oratovsky, Michael"]
[Black "Drori, Saar"]
[Result "1-0"]
[WhiteElo "2467"]
[BlackElo "2419"]
[PlyCount "73"]
[EventDate "2018.09.08"]
[EventType "swiss (rapid)"]
[EventRounds "9"]
[EventCountry "ISR"]
[SourceTitle "CBM 186 Extra"]
[Source "ChessBase"]
[SourceDate "2018.08.24"]
[SourceVersion "1"]
[SourceVersionDate "2018.08.24"]
[SourceQuality "1"]

1. e4 c5 2. Nf3 d6 3. Bb5+ Nd7 4. 0-0 a6 5. Bd3 Ngf6 6. Re1 e6 7. c3 b5 8. Bc2 c4 9. b4 cxb3 10. axb3 Bb7 11. d4 Be7 12. Nbd2 Rc8 13. Bb2 Nb6 14. Bd3 d5 15. e5 Nfd7 16. Qb1 h6 17. Qa2 0-0 18. Rac1 Nb8 19. Ba3 Nc6 20. Bxe7 Qxe7 21. Bb1 a5 22. h4 b4 23. cxb4 Qxb4 24. Qc2 g6 25. Qd3 Ne7 26. h5 Bc6 27. Qe3 Kh7 28. Qf4 Nd7 29. Nf1 Kg7 30. Ne3 f5 31. exf6+ Rxf6 32. Qg3 Qb8 33. Ne5 g5 34. N3g4 Rff8 35. Qd3 Rf5 36. Nxc6 Nxc6 37. Rxe6 1-0

[Event "EU-ch 19th"]
[Site "Batumi"]
[Date "2018.03.21"]
[Round "5"]
[White "Drori, Saar"]
[Black "Savchenko, Boris"]
[Result "1/2-1/2"]
[WhiteElo "2420"]
[BlackElo "2550"]
[PlyCount "90"]
[EventDate "2018.03.17"]
[EventType "swiss"]
[EventRounds "11"]
[EventCountry "GEO"]
[SourceTitle "CBM 184"]
[Source "ChessBase"]
[SourceDate "2018.05.16"]
[SourceVersion "1"]
[SourceVersionDate "2018.05.16"]
[SourceQuality "1"]

1. e4 e5 2. Nf3 Nc6 3. Bc4 Nf6 4. d3 Be7 5. 0-0 0-0 6. Re1 d6 7. a4 h6 8. a5 a6 9. h3 Kh8 10. Nc3 Qe8 11. d4 Bd8 12. Bb3 Nxd4 13. Nxd4 exd4 14. Qxd4 Be6 15. Ba4 Qe7 16. Bf4 Nh5 17. Bxh6 c5 18. Qd1 gxh6 19. Qxh5 Qg5 20. Qxg5 hxg5 21. Nd5 Bxd5 22. exd5 Bxa5 23. c3 Bd8 24. Re4 Kg7 25. f4 gxf4 26. Rxf4 Bg5 27. Rf5 Bf6 28. Raf1 Be5 29. Rg5+ Kh6 30. Rff5 f6 31. Rg4 Rh8 32. Bd1 b5 33. c4 bxc4 34. Rxc4 Bxb2 35. Rg4 Rae8 36. Kf1 Re3 37. Ba4 Rh7 38. Rf2 Be5 39. Bc2 Re7 40. Rg6+ Kh5 41. g4+ Kh4 42. g5 fxg5 43. Rh6+ Kg3 44. Rg2+ Kf3 45. Rf2+ Kg3 1/2-1/2

[Event "EU-ch 19th"]
[Site "Batumi"]
[Date "2018.03.20"]
[Round "4"]
[White "Can, Emre"]
[Black "Drori, Saar"]
[Result "1/2-1/2"]
[WhiteElo "2603"]
[BlackElo "2420"]
[PlyCount "98"]
[EventDate "2018.03.17"]
[EventType "swiss"]
[EventRounds "11"]
[EventCountry "GEO"]
[SourceTitle "CBM 184"]
[Source "ChessBase"]
[SourceDate "2018.05.16"]
[SourceVersion "1"]
[SourceVersionDate "2018.05.16"]
[SourceQuality "1"]

1. d4 Nf6 2. c4 g6 3. Nc3 d5 4. cxd5 Nxd5 5. e4 Nxc3 6. bxc3 Bg7 7. Qa4+ Qd7 8. Bb5 c6 9. Be2 b6 10. Nf3 Bb7 11. Qa3 0-0 12. 0-0 c5 13. d5 e6 14. Be3 exd5 15. Rad1 Nc6 16. exd5 Ne7 17. c4 Nf5 18. Bc1 Rfe8 19. Bd3 Nd6 20. Bb2 Qg4 21. Bxg7 Kxg7 22. Qc3+ f6 23. Qc1 Ba6 24. h3 Qd7 25. Nh2 f5 26. Qa3 Bb7 27. Nf3 Kg8 28. Ng5 Bc8 29. Rfe1 Rxe1+ 30. Rxe1 Qg7 31. Bf1 Bd7 32. Qg3 Re8 33. Rxe8+ Nxe8 34. Qb8 Ba4 35. Ne6 Qe7 36. g3 h6 37. h4 Kh7 38. Bd3 Bd1 39. Kg2 Nd6 40. Nf8+ Kg7 41. Ne6+ Kh7 42. Nc7 Nxc4 43. Qxa7 Ne5 44. d6 Bf3+ 45. Kg1 Qg7 46. Bf1 Be4 47. Bg2 c4 48. Qa3 c3 49. Ne6 Qf7 1/2-1/2

[Event "Budapest Spring op"]
[Site "Budapest"]
[Date "2017.03.26"]
[Round "9"]
[White "Globus, Or"]
[Black "Drori, Saar"]
[Result "1/2-1/2"]
[WhiteElo "2084"]
[BlackElo "2368"]
[PlyCount "74"]
[EventDate "2017.03.18"]
[EventType "swiss"]
[EventRounds "9"]
[EventCountry "HUN"]
[SourceTitle "CBM 177 Extra"]
[Source "ChessBase"]
[SourceDate "2017.04.27"]
[SourceVersion "1"]
[SourceVersionDate "2017.04.27"]
[SourceQuality "1"]

1. d4 Nf6 2. Nf3 g6 3. Bf4 Bg7 4. e3 0-0 5. h3 d6 6. Be2 c5 7. Bh2 Qb6 8. Qc1 cxd4 9. exd4 Nc6 10. c3 e5 11. dxe5 dxe5 12. Na3 Be6 13. 0-0 Ne4 14. Nc4 Bxc4 15. Bxc4 Nd6 16. Bd5 Rfe8 17. Qc2 Qc5 18. Rad1 Re7 19. Rfe1 Rae8 20. Qd3 Nc8 21. b4 Qb6 22. Ng5 Qc7 23. Ne4 Kh8 24. Nc5 Nb6 25. Bf3 Qc8 26. Qb5 e4 27. Rxe4 Bxc3 28. Rxe7 Rxe7 29. Nxb7 Qxb7 30. Bxc6 Qc8 31. Qc5 Bf6 32. Bg3 Kg7 33. a4 Qe6 34. Bb5 Qb3 35. Rf1 Qe6 36. Bc6 Nc4 37. Rd1 Nb6 1/2-1/2

[Event "ISR-ch"]
[Site "Tiberias"]
[Date "2016.12.11"]
[Round "7"]
[White "Drori, Saar"]
[Black "Golod, Vitali"]
[Result "0-1"]
[WhiteElo "2318"]
[BlackElo "2549"]
[PlyCount "72"]
[EventDate "2016.12.05"]
[EventType "swiss"]
[EventRounds "9"]
[EventCountry "ISR"]
[SourceTitle "CBM 176 Extra"]
[Source "ChessBase"]
[SourceDate "2017.03.02"]
[SourceVersion "1"]
[SourceVersionDate "2017.03.02"]
[SourceQuality "1"]

1. e4 c5 2. Nf3 a6 3. d4 cxd4 4. Nxd4 Nf6 5. Nc3 e5 6. Nf3 Bb4 7. Bd2 0-0 8. Bc4 d6 9. Nd5 Bxd2+ 10. Nxd2 Be6 11. Nxf6+ Qxf6 12. 0-0 Nc6 13. c3 Rad8 14. Qe2 d5 15. exd5 Bxd5 16. Bxd5 Rxd5 17. Nc4 Rfd8 18. Rfd1 Qe6 19. b3 e4 20. Rxd5 Qxd5 21. Qc2 Qd3 22. Qxd3 Rxd3 23. Rc1 f5 24. a4 b5 25. axb5 axb5 26. Na3 b4 27. cxb4 Nxb4 28. Nc4 Rxb3 29. g4 Nd3 30. Rd1 fxg4 31. Nd2 Nxf2 32. Kxf2 e3+ 33. Kg1 Rd3 34. Re1 exd2 35. Rd1 Kf7 36. Kf2 Kg6 0-1

[Event "ISR-ch"]
[Site "Tiberias"]
[Date "2016.12.08"]
[Round "4"]
[White "Drori, Saar"]
[Black "Roiz, Michael"]
[Result "1/2-1/2"]
[WhiteElo "2318"]
[BlackElo "2608"]
[PlyCount "106"]
[EventDate "2016.12.05"]
[EventType "swiss"]
[EventRounds "9"]
[EventCountry "ISR"]
[SourceTitle "CBM 176"]
[Source "ChessBase"]
[SourceDate "2017.01.17"]
[SourceVersion "1"]
[SourceVersionDate "2017.01.17"]
[SourceQuality "1"]

1. e4 e5 2. Nf3 Nc6 3. Bc4 Bc5 4. c3 Nf6 5. d3 a6 6. a4 d6 7. 0-0 0-0 8. Bg5 h6 9. Bh4 g5 10. Bg3 Ba7 11. Nbd2 Kg7 12. Re1 Nh7 13. Nf1 f5 14. exf5 Bxf5 15. d4 exd4 16. Nxd4 Nxd4 17. cxd4 Qd7 18. Rc1 Rae8 19. Ne3 Be4 20. Bb3 Nf6 21. a5 Re7 22. Ba4 c6 23. Nc4 Bb8 24. Nb6 Qd8 25. f3 Bg6 26. d5 c5 27. Rxe7+ Qxe7 28. Qd2 Bc7 29. Qc3 Kh7 30. Re1 Qf7 31. Bb3 Bf5 32. Bc4 Re8 33. Rxe8 Nxe8 34. Qe3 Nf6 35. h4 g4 36. fxg4 Nxg4 37. Qf3 Qg6 38. Na8 Bd8 39. Bxd6 Bf6 40. Bxc5 Ne5 41. Qf4 Nxc4 42. Qxc4 Be4 43. Qe2 Bxd5 44. Nb6 Bc6 45. h5 Qb1+ 46. Kh2 Qf5 47. Bd6 Qxa5 48. Nc4 Qf5 49. Bg3 Bg7 50. Nd6 Qd5 51. Ne8 Bd4 52. Nd6 a5 53. Qd3+ Kh8 1/2-1/2